000 01728nam0a2200397 4500
001 RU\NLR\bibl\279854
005 20250620135044.0
021 _aRU
_b2002-7459
_9368
035 _a(NLR Aleph) 000275348
090 _a1610599
_c1610599
100 _a20020613d2001 |||y0rusy50 ca
101 0 _arus
102 _aRU
105 _aa |||||||||
200 1 _aНизкоэнергетические аддитивные процессы в композиционных материалах и конденсированных средах
_fГ. П. Новиков, В. В. Криштоп
210 _aХабаровск
_cИзд-во ДВГУПС
_d2001
215 _a2, [1] с.
_cил.
_d20
225 1 _aПрепринт
_fМ-во путей сообщ. Рос. Федерации, Дальневост. гос. ун-т путей сообщ.
_vN 35
313 _aна основе ПТФЭ
320 _aБиблиогр.: с. 22-23
606 0 _aКомпозитные материалы на основе политетрафторэтилена
_91778276
_3RU\NLR\auth\66799147
606 0 _aКомпозиционные материалы на основе политетрафторэтилена
_92251270
_3RU\NLR\auth\661350335
675 _a621.730.36
_v3
_zrus
686 _a55
_2rugasnti
686 _a34.5+34.6
_2rubbk
686 _aЛ719.222.12
700 1 _aНовиков
_bГ. П.
_gГригорий Павлович
_4070
701 1 _aКриштоп
_bВ. В.
_gВиктор Владимирович
_4070
801 0 _aRU
_bRKP
_c20020613
_gPSBO
801 1 _aRU
_bRKP
_c20020613
801 2 _aRU
_bNLR
_c20020717
_grcr
942 _cBOOK
980 _aNB
980 _aNBR